Gas chromatography in forensic science (Record no. 225959)
[ view plain ]
| 000 -LEADER | |
|---|---|
| fixed length control field | 01252nam a2200325 a 4500 |
| 082 04 - DEWEY DECIMAL CLASSIFICATION NUMBER | |
| Classification number | 614/.1 |
| 245 00 - TITLE STATEMENT | |
| Title | Gas chromatography in forensic science |
| 260 ## - PUBLICATION, DISTRIBUTION, ETC. (IMPRINT) | |
| Place of publication | New York : |
| Name of publisher | E. Horwood, |
| Year of publication | c1992. |
| 300 ## - PHYSICAL DESCRIPTION | |
| Number of Pages | vii, 188 p. : |
| Other physical details | ill. |
| 490 1# - SERIES STATEMENT | |
| Series statement | Ellis Horwood series in forensic science |
| 650 #0 - SUBJECT ADDED ENTRY--TOPICAL TERM | |
| Topical Term | Chromatographic analysis. |
| Topical Term | Chemistry, Forensic. |
| 700 1# - ADDED ENTRY--PERSONAL NAME | |
| Personal name | Tebbett, I. |
| 856 40 - ELECTRONIC LOCATION AND ACCESS | |
| Uniform Resource Identifier | http://site.ebrary.com/lib/rucke/Doc?id=2004218 |
No items available.
